Central Library OPAC University of Rajshahi

Literature and education in the United States / (Record no. 17728)

MARC details
000 -LEADER
fixed length control field 00664cam a2200229u 4500
001 - CONTROL NUMBER
control field 17728
003 - CONTROL NUMBER IDENTIFIER
rucl marc code BD-RjUL
005 - DATE AND TIME OF LATEST TRANSACTION
control field 20211209000202.0
008 - FIXED-LENGTH DATA ELEMENTS--GENERAL INFORMATION
fixed length control field 140217s1965 enk 000 0 eng
035 ## - SYSTEM CONTROL NUMBER
System control number (BD-RjUL)17786
040 ## - CATALOGING SOURCE
Original cataloging agency DLC
Transcribing agency CarP
Modifying agency DLC
-- BD-RjUL
Language of cataloging eng
041 ## - LANGUAGE CODE
Language code of text/sound track or separate title eng
082 ## - DEWEY DECIMAL CLASSIFICATION NUMBER
Classification number 810
Author mark and year DAL
100 1# - MAIN ENTRY--PERSONAL NAME
Personal name Daiches, David,
Dates associated with a name 1912-2005.
9 (RLIN) 52486
245 10 - TITLE STATEMENT
Title Literature and education in the United States /
260 ## - PUBLICATION, DISTRIBUTION, ETC. (IMPRINT)
Place of publication, distribution, etc. London :
Date of publication, distribution, etc. Oxford university press,
Name of publisher, distributor, etc. 1965.
300 ## - PHYSICAL DESCRIPTION
Pagination p. [357]-373 ;
Size 26 cm.
650 #0 - SUBJECT ADDED ENTRY--TOPICAL TERM
Topical term or geographic name as entry element Literature
General subdivision Study and teaching
Geographic subdivision United States.
9 (RLIN) 54643
942 ## - ADDED ENTRY ELEMENTS (KOHA)
Source of classification or shelving scheme Dewey Decimal Classification
Koha item type Books
Holdings
Lost status Source of classification or shelving scheme Damaged status Not for loan Collection code Permanent Location Current Location Shelving location Date acquired Source of acquisition Cost, normal purchase price Total Checkouts Full call number Date last seen Copy number Koha item type
  Dewey Decimal Classification   Not For Loan Fiction Central Library, University of Rajshahi Central Library, University of Rajshahi Reading Room 26/09/1970 Zeitlinger 0.00   810 DAL 1965 17/02/2014 C-1 Books